000 00958nam a2200145 4500
001 6261
005 20181127181256.0
245 0 0 _aConducting research at RTC based on pilot project :
_bassessment of ecotourism sustainability in Bhutan /
_cJesse Montes.
_h
260 0 0 _a[Thimphu] :
_b[Royal Thimphu College],
_c2015.
300 _a149 p.
_b
_c
_e
500 0 0 _aSpiral-bound xerographic copy.
505 _aAdoption of Alternative livelihood strategies and the impact of ethno-ecological relations: a case study of ecotourism in Bhutan / Jesse Montes -- Select articles including: Ecotourism and sustainable development : who owns paradise / Martha Honey -- Semi-structured interviews: guidance for novice researchers / LS Whiting -- A framework for design / John W. Crewwell -- Questionnaires, in-depth interviews and focus groups / Anne Adams and Anna L. Cox.
_g
_r
_t
650 _aEcotourism -- Research methodology.
_v
_x
_y
_z
_2
650 _aEcotourism.
_v
_x
_y
_z
_2
999 _c5291
_d5291